00247nam a2200109Ia 4500008004100000100001000041245002500051260002800076650001100104942000700115999001500122190216s9999||||xx |||||||||||||| ||und|| aDutta 0aClass Book Of Botany bOxford University Press aBotany cBK c1035d1035